| 000 | 00372nam a2200145Ia 4500 | ||
|---|---|---|---|
| 005 | 20240408024702.0 | ||
| 008 | 240331s9999 xx 000 0 und d | ||
| 020 | _a9221079939 | ||
| 082 |
_bINV _a331.4 |
||
| 245 | 0 |
_aInvisible no more : _bThe story of home-based workers |
|
| 260 |
_aIndia : _bILO Publications / _c1991 |
||
| 300 | _a20 p., | ||
| 650 | _aWomen | ||
| 942 | _cL | ||
| 999 |
_c2636 _d2636 |
||